Národné a medzinárodné opatrenia v účtovníctve v súvislosti s COVID-19

Gespeichert in:
Bibliographische Detailangaben
1. Verfasser: Mokošová, Daša, 1979-
Format: Buchkapitel
Sprache:Englisch
Schlagworte:
Tags: Tag hinzufügen
Keine Tags, Fügen Sie das erste Tag hinzu!

MARC

LEADER 00000naa$a2200000$$$4500
001 0280307
005 20240502074341.5
041 0 |a eng 
044 |a SK 
245 1 0 |a Národné a medzinárodné opatrenia v účtovníctve v súvislosti s COVID-19  |c Daša Mokošová 
500 |a Abstrakt 
610 2 0 |a účtovníctvo 
610 2 0 |a pandémia 
610 2 0 |a legislatíva 
610 2 0 |a Slovensko 
100 1 |a Mokošová, Daša, 1979-